| 000 | 01085 a2200205 4500 | ||
|---|---|---|---|
| 001 | 39957 | ||
| 005 | 20260407155656.0 | ||
| 008 | 260407a1943 arg spa d | ||
| 003 | AR-UNSa-BCEJYS | ||
| 040 |
_aAR-UNSa-BCEJYS _bspa _cAR-UNSa-BCEJYS |
||
| 080 |
_a911.3 _xGeografía humana. Geografía de los factores culturales |
||
| 245 | 1 | 0 | _aGeografía humana |
| 250 | _a2a. ed. | ||
| 264 | 1 |
_aBarcelona : _bLabor _c1943 |
|
| 300 |
_a230 p. _c19 cm. |
||
| 505 | _a1. La geografía humana. Campo que abarca - 2. El hombre y el medio - 3. La expansión del hombre en el globo - 4. Las fronteras de la humanidad - 5. Los vacios del ecumene - 6. Las unidades antropogeográficas y sus límites - 12. La vivienda. Su posición y su distribución - 8. La viviednda rural - 9. El tráfico y los centros de intercambio - 10. Forma y evolución de los núcleos urbanos - 11. Número y distribución de ls seres humanos - 12. El movimiento de población - 13. Razas y pueblos - 14. Idiomas y culturas. | ||
| 942 | _cBK | ||
| 590 | _aniveau_biblio:m niveau_hierar:0 | ||
| 100 | 1 | _aKrebs, Norbert | |
| 999 |
_c3172 _d3172 |
||